|
|
|
|
| LEADER |
00780nam a22002532a 4500 |
| 001 |
000223016 |
| 003 |
CZ BrMZK |
| 005 |
20161012125005.0 |
| 007 |
ta |
| 008 |
010907s1992 xr a f cze d |
| 015 |
|
|
|a cnb000069009
|
| 035 |
|
|
|a (OCoLC)39578121
|
| 040 |
|
|
|a ABA001
|b cze
|d ABA001
|d BOA001
|
| 080 |
9 |
|
|a 613.24/25
|
| 100 |
1 |
|
|a Urban, Jiří,
|d 1937-
|7 jn20000402456
|4 aut
|
| 245 |
1 |
0 |
|a Jak si poradit s nadváhou? /
|c Jiří Urban
|
| 250 |
|
|
|a 1. vyd.
|
| 260 |
|
|
|a Praha :
|b Národní centrum podpory zdraví,
|c 1992
|
| 300 |
|
|
|a 1 sv. (nestr.) :
|b il. ;
|c 21 cm
|
| 655 |
|
7 |
|a brožury
|7 fd131925
|2 czenas
|
| 910 |
|
|
|a BOA001
|b X-0982.214
|
| 990 |
|
|
|a BK
|
| 991 |
|
|
|b 201605
|
| 996 |
6 |
|
|b 2619914529
|c X-0982.214
|l MZK
|r Sklad / do 24 hodin
|n 2
|w 000223016
|u 000010
|a 1
|e BOA001
|j MZK50
|s P
|